Statistics for 500 Marvel Characters

Click here to take the quiz!

General Stats

  • This quiz has been taken 1,620 times
  • The average score is 139 of 500

Answer Stats

First AppearanceCharacter% Correct
Captain America #117Falcon (Sam Wilson)
97%
Amazing Fantasy #15Spider-Man (Peter Parker)
97%
Captain America Comics #1Winter Soldier (James Buchanan "Bucky" Barnes)
97%
Captain America Comics #1Captain America (Steve Rogers)
96%
Incredible Hulk #1Hulk (Bruce Banner)
96%
Tales of Suspense #39Iron Man (Tony Stark)
96%
Ultimate Fallout #4Spider-Man (Miles Morales)
96%
Journey Into Mystery #84Jane Foster
93%
Journey Into Mystery #83Thor (Thor Odinson)
93%
Thor #459Thunderstrike (Eric Masterson)
93%
Inhumans #5Black Widow (Yelena Belova)
88%
Tales of Suspense #52Black Widow (Natalia Romanova)
87%
The Incredible Hulk #181Wolverine (James Howlett)
87%
NYX #3X-23 (Laura Kinney)
87%
Journey into Mystery #85Loki
85%
Tales of Suspense #57Hawkeye (Clint Barton)
84%
Young Avengers #1Hawkeye (Kate Bishop)
84%
Avenging Spider-Man #9Captain Marvel (Carol Danvers)
81%
Fantastic Four #52Black Panther (T'challa)
80%
The Invincible Iron Man #55Thanos
80%
Tales to Astonish #35Ant-Man (Hank Pym)
79%
Marvel Premiere #47Ant-Man (Scott Lang)
79%
Daredevil #1Daredevil (Matt Murdock)
79%
Strange Tales #110Doctor Strange (Stephen Strange)
79%
Civil War: Choosing Sides #1Ant-Man (Eric O'Grady)
78%
Marvel Super-Heroes #12Mar-Vell
78%
The X-Men #1Professor X (Charles Xavier)
77%
The Fantastic Four #1The Thing (Ben Grimm)
77%
The New Mutants #98Deadpool (Wade Wilson)
76%
Journey into Mystery #86Odin
76%
The Fantastic Four #1Human Torch (Johnny Storm)
75%
Sgt. Fury and his Howling Commandos #1Nick Fury
75%
Giant-Size X-Men #1Storm (Ororo Monroe)
75%
Amazing Spider-Man #14Green Goblin (Norman Osborn)
74%
The Fantastic Four #1Mr. Fantastic (Reed Richards)
73%
The X-Men #4Scarlet Witch (Wanda Maximoff)
73%
Tales to Astonish #44Wasp (Janet Van Dyne)
73%
Free Comic Book Day Vol. 2016 Civil War IIWasp (Nadia Van Dyne)
73%
Tales to Astonish #13Groot
72%
Marvel Comics #1Human Torch (Jim Hammond)
72%
The X-Men #1Magneto (Maxwell Eisenhardt)
72%
Savage She-Hulk #1She-Hulk (Jennifer Walters)
72%
Marvel Preview #4Star-Lord (Peter Quill)
72%
Strange Tales #80Gamora (Gamora Zen Whoberi Ben Titan)
71%
The X-Men #1Jean Grey
70%
Marvel Preview #7Rocket Raccoon
70%
The Fantastic Four #48Silver Surfer (Norrin Radd)
70%
The X-Men #1Cyclops (Scott Summers)
69%
Amazing Fantasy #15Flash Thompson
69%
Luke Cage, Hero For Hire #1Power Man (Luke Cage)
69%
The X-Men #4Quicksilver (Pietro Maximoff)
68%
The Amazng Spider-Man #300Venom (Eddie Brock)
68%
Marvel Mystery Comics #13Vision (Aarkus)
67%
The Invincible Iron Man #55Drax the Destroyer
66%
The Avengers #57Vision
66%
The X-Men #1Beast (Hank McCoy)
65%
The Fantastic Four #1Invisible Woman (Susan Storm/Richards)
65%
The Avengers #55Ultron
65%
Captain America #328Demolition Man (Dennis Dunphy)
64%
Iron Man #219Ghost
64%
Iron Man #284War Machine (James "Rhodey" Rhodes)
64%
Marvel Premiere #15Iron Fist (Danny Rand)
63%
Marvel Comics #1Namor; The Sub-Mariner
63%
Amazing Spider-Man #4Sandman (William Baker)
63%
Captain America Comics #7Red Skull (Johann Shmidt)
62%
Captain America #192Moonstone (Karla Sofen)
60%
Captain Marvel Vol. 7 #14Ms. Marvel (Kamala Khan)
60%
Ghost Rider Vol. 3 #1Ghost Rider (Danny Ketch)
59%
Marvel Spotlight #5Ghost Rider (Johnny Blaze)
59%
The Amazing Spider-Man #25Mary Jane Watson
59%
Thing #27Sharon Ventura
59%
The Fantastic Four #5Doctor Doom (Victor Von Doom)
58%
The Amazing Spider-Man #31Gwen Stacy
58%
The X-Men #1Iceman (Bobby Drake)
58%
Fantastic Four #164Nova (Frankie Raye)
58%
The Man Called Nova #1Nova (Richard Rider)
58%
The Amazing Spider-Man #9Electro (Maxwell Dillon)
57%
Ms. Marvel #18Mystique (Raven Darkholme)
57%
Avengers #257Nebula
57%
Marvel Point One #1Nova (Sam Alexander)
57%
Avengers Annual #10Rogue (Anna Marie/LeBeau)
55%
The X-Men #1Angel (Warren Worthington III)
54%
Tales of Suspense #45Pepper Potts
54%
Marvel Spotlight #32Spider-Woman (Jessica Drew)
54%
Secret Wars #7Spider-Woman (Julia Carpenter)
54%
The New Mutants #87Cable (Nathan Summers)
53%
Captain Britain #1Captain Britain (Brian Braddock)
53%
Werewolf By Night #32Moon Knight (Marc Spector)
53%
Giant-Size X-Men #1Nightcrawler (Kurt Wagner)
53%
The Amazing Spider-Man #129Punisher (Frank Castle)
53%
Strange Tales #97Aunt May
52%
The Amazing Spider-Man #50Kingpin (Wilson Fisk)
52%
The Amazing Spider-Man #6Lizard (Curt Conners)
52%
The Amazing Spider-Man #361Carnage (Cletus Kasady)
51%
Giant-Size X-Men #1Colossus (Piotr Rasputin)
51%
Fantastic Four #48Galactus
51%
The Avengers #112Mantis
51%
The Amazing Spider-Man #13Mysterio (Quentin Beck)
51%
The Amazing Spider-Man #2Vulture (Adrian Toomes)
51%
Daredevil #168Elektra (Elektra Natchios)
50%
Hulk Vol. 2 #1Red Hulk (Thaddeus "Thunderbolt" Ross)
50%
The Uncanny X-Men #266Gambit (Remy LeBeau)
49%
Alias #1Jessica Jones
49%
Human Torch Comics #2Toro (Thomas Raymond)
49%
Special Marvel Edition #15Shang-Chi
48%
The Tomb of Dracula #10Blade (Eric Brooks)
47%
The X-Men #12Juggernaut (Cain Marko)
47%
The Amazing Spider-Man #41Rhino (Aleksei Sytsevich)
47%
Iron Fist #14Sabretooth (Victor Creed)
47%
Tales to Astonish #90Abomination (Emil Blonsky)
46%
Journey Into Mystery #102Hela
46%
Adventure Into Fear #19Howard the Duck
46%
The Avengers #8Kang the Conqueror
45%
The Uncanny X-Men #129Shadowcat (Kitty Pryde)
45%
The Avengers #47Black Knight (Dane Whitman)
44%
Tales of Suspense #50Mandarin
44%
Strange Tales #97Uncle Ben
44%
Amazing Spider-Man #3Doctor Octopus (Otto Octavius)
43%
Fantastic Four #45Black Bolt (Blackagar Boltagon)
42%
Journey Into Mystery #102Lady Sif
42%
Magik (Storm and Illyana) #1Magik (Illyana Rasputina)
41%
The Avengers #83Valkyrie (Brunnhilde)
41%
The New Mutants #18Warlock
41%
X-Factor #6Apocalypse (En Sabah Nur)
40%
Captain America #276Baron Helmut Zemo
40%
The Mighty Thor #133Ego the Living Planet
40%
Journey into Mystery #85Heimdall
40%
The Amazing Spider-Man #15Kraven the Hunter (Sergei Kravinoff)
40%
The New Avengers #4Maria Hill
40%
Black Panther Vol. 4 #2Shuri
40%
Fantastic Four #45Lockjaw
39%
Sentry #1Sentry (Robert Reynolds)
39%
Conan the Barbarian #1Conan the Barbarian
38%
Captain Marvel #26Death
38%
Jungle Action #6Erik Killmonger
38%
The Amazing Spider-Man #238Hobgoblin (Roderick Kingsley)
38%
The Uncanny X-Men #244Jubilee (Jubilation Lee)
38%
The X-Men #4Toad (Mortimer Toynbee)
38%
The Uncanny X-Men #129White Queen (Emma Frost)
38%
Marvel Premiere #1Adam Warlock
37%
The Amazing Spider-Man #194Black Cat (Felicia Hardy)
37%
Suspense #7Dracula
37%
Tales of Suspense #94M.O.D.O.K.
37%
Fantastic Four #65Ronan the Accuser
37%
Tales of Suspense #97Whiplash (Mark Scarlotti)
37%
The Avengers #28Collector (Taneleer Tivan)
36%
Devil Dinosaur #1Devil Dinosaur
36%
Journey into Mystery Annual #1Hercules
36%
Moon-Girl and Devil Dinosaur #1Moon-Girl (Lunella Lafayette)
36%
The Amazing Spider-Man #101Morbius the Living Vampire (Michael Morbius)
36%
Captain Britain #8Psylocke (Betsy Braddock)
36%
The Uncanny X-Men #141Pyro (St. John Allerdyce)
36%
Daredevil #131Bullseye
35%
Strange Tales #126Dormammu
35%
Uncanny X-Men #54Havok (Alex Summers)
35%
Longshot #1Longshot
35%
The Amazing Spider-Man #20Scorpion (Mac Gargan)
35%
X-Men #64Sunfire (Shiro Yoshida)
35%
Marvel Super-Heroes #18Yondu
35%
Fantastic Four #36Medusa (Medusalith Amaquelin-Boltagon)
34%
Uncanny X-Men #283Bishop (Lucas Bishop)
33%
Darkhawk #1Darkhawk (Christopher Powell)
33%
X-Force #11Domino (Neena Thurman)
33%
The X-Men #28Banshee (Sean Cassidy)
32%
The X-Men #3Blob (Fred Dukes)
32%
The Amazign Spider-Man #46Shocker (Herman Schultz)
32%
Captain America #290Sin (Sinthea Schmidt
32%
Marvel Tails Starring Peter Porker, the Spectacular Spider-HamSpider-Ham (Peter Porker)
32%
Iron Man #200Iron Monger (Obadiah Stane)
31%
The Silver Surfer #3Mephisto
31%
Peter Parker, the Spectacular Spider-Man #64Dagger (Tandy Bowen)
30%
Shanna, the She-Devil #1Shanna the She-Devil
30%
Iron Man #55Starfox (Eros)
30%
The Avengers #195Taskmaster (Tony Masters)
30%
Strange Tales #110Ancient One
29%
The Incredible Hulk #1Betty Ross
29%
Peter Parker, the Spectacular Spider-Man #64Cloak (Ty Johnson)
29%
Daredevil Vol. 2 #9Echo (Maya Lopez)
29%
The X-Men #109Guardian
29%
Tales of Suspense #59Edwin Jarvis
28%
Marvel Super-Heroes Vol. 2 #8Squirrel Girl (Doreen Green)
28%
Tales of Suspense #75Agent 13 (Sharon Carter)
27%
Captain America #360Crossbones (Brock Rumlow)
27%
The Avengers #69Grandmaster (En Dwi Gast)
27%
The Amazing Spider-Man #1J. Jonah Jameson
27%
Eternals #3Sersi
27%
The Amazing Spider-Man #31Harry Osborn
26%
Hit-Monkey #1Hit-Monkey
26%
Fantastic Four #56Klaw (Ulysses Klaue)
26%
2001: A Space Odyssey #8Machine Man
26%
Two-Gun Kid #60Two-Gun Kid (Matt Hawk)
26%
The Avengers #9Wonder Man (Simon Williams)
26%
Captain America #208Arnim Zola
25%
Giant-Size Defenders #5Justice (Vance Astrovik)
25%
Tales to Astonish #62Leader (Samuel Sterns)
25%
Young Avengers #1Patriot (Elijah Bradley)
25%
Spider-Man 2099 #1Spider-Man 2099 (Miguel O'Hara)
25%
Fantastic Four #18Super Skrull (Kl'rt)
25%
Hood #1The Hood (Parker Robbins)
25%
Journey Into Mystery #114Absorbing Man (Carl "Crusher" Creel)
24%
Strange Tales #111Baron Mordo
24%
The Mighty Thor #337Beta Ray Bill
24%
Adam: Legend of the Blue Marvel #1Blue Marvel (Adam Brashear)
24%
The Uncanny X-Men #130Dazzler (Alison Blaire)
24%
Eternals #1Ikaris
24%
Thor #344Malekith
24%
The Avengers #62Man-Ape (M'Baku)
24%
Marvel Boy Vol 2 #1Marvel Boy (Noh-Varr)
24%
The X-Men #49Polaris (Lorna Dane)
24%
Young Avengers #10Speed (Thomas "Tommy" Shepard)
24%
Marvel Graphic Novel #4Sunspot (Roberto da Costa)
24%
Young Avengers #1Wiccan (William "Billy" Kaplan)
24%
The Amazing Spider-Man #1Chameleon (Dmitri Anatoly Nikolayevich Smerdyakov)
23%
Fantastic Four #45Crystal (Crystalia Amaquelin)
23%
Infinity #1Ebony Maw
23%
Journey Into Mystery #103Enchantress (Amora)
23%
Invincible Iron Man Vol. 4 #3Ironheart (Riri Williams)
23%
Savage Tales #1Man-Thing
23%
The Avengers #43Red Guardian (Alexei Shostakov)
23%
Marvel Graphic Novel #4Cannonball (Samuel Guthrie)
22%
Nova Vol. 4 #8Cosmo the Space Dog
22%
Young Avengers #1Hulkling (Theodore Altman)
22%
The Amazing Spider-Man #212Hydro-Man (Morris Bench)
22%
The Uncanny X-Men #221Mister Sinister (Nathaniel Essex)
22%
The Incredible Hulk #1Rick Jones
22%
Captain America #354U.S. Agent (John Walker)
22%
Journey Into Mystery #119Volstagg
22%
Avengers Academy #20White Tiger (Ava Ayala)
22%
Journey Into Mystery #103Executioner (Skurge)
21%
Alpha Flight #33Lady Deathstrike (Yurko Oyama)
21%
Infinity #1Proxima Midnight
21%
Secret War #2Quake (Daisy Johnson)
21%
Daredevil #111Silver Samurai (Kenuichio Harada)
21%
Spider-Man Noir #1Spider-Man Noir (Peter Parker
21%
Thor #129Ares
20%
Journey Into Mystery #119Fandral
20%
Spider-Man and his Amazing Friends #1Firestar (Angelica "Angel" Jones)
20%
Vengeance #1Miss America (America Chavez)
20%
Marvel Team-Up #95Mockingbird (Bobbi Morse)
20%
The Amazing Spider-Man #78Prowler (Hobart "Hobie" Brown)
20%
Web of Spider-Man #118Scarlet Spider
20%
Young Avengers #6Stature (Cassie Lang)
20%
Fantastic Four #13Uatu, The Watcher
20%
Secret Wars #1Beyonder
19%
The Amazing Spider-Man #113Hammerhead
19%
Journey Into Mystery #119Hogun
19%
Journey Into Mystery #99Surtur
19%
Captain America #110Viper (Ophelia Sarkissian)
19%
New Mutants #16Warpath (James Proudstar)
19%
Iron Man #109Crimson Dynamo (Dmitri Bukharin)
18%
Young Avengers #1Iron Lad (Nathaniel Richards)
18%
Fantastic Four #1Mole Man (Harvey Elder)
18%
Sub-Mariner #50Namorita
18%
X-Men Vol. 2 #4Omega Red (Arkady Gregorivich Rossovich)
18%
The Uncanny X-Men #129Sebastian Shaw
18%
Eternals #9Sprite
18%
Giant-Size Creatures #1Tigra (Greer Grant)
18%
Web of Spider-Man #36Tombstone (Lonnie Lincoln)
18%
Marvel Spotlight #2Werewolf by Night (Jack Russell)
18%
Marvel Graphic Novel #4Wolfsbane (Rahne Sinclair)
18%
X-Man #1X-Man (Nathaniel Grey)
18%
Strange Tales #123Beetle (Abner Jenkins)
17%
Daredevil #1Foggy Nelson
17%
Eternals #13Gilgamesh
17%
The Avengers #144Hellcat (Patsy Walker)
17%
The Mighty Thor #134High Evolutionary (Herbert Wyndham)
17%
Daredevil #4Purple Man (Zebediah Killgrave)
17%
Avengers: The Initiative Featuring Reptil #1Reptil (Humberto Lopez)
17%
The Amazing Spider-Man #265Silver Sable (Silvija Sablinova)
17%
Eternals #5Thena
17%
Secret Wars #3Titania (Mary MacPherran)
17%
New Avengers Vol. 3 #8Black Dwarf/Cull Obsidian
16%
Uncanny X-Men #317Blink (Clarice Ferguson)
16%
Secret Wars II #5Boom-Boom (Tabitha Smith)
16%
Strange Tales #126Clea
16%
Infinity: Free Comic Book DayCorvus Glaive
16%
Sgt. Fury and his Howling Commandos #1Dum Dum Dugan
16%
Strange Tales #89Fin Fang Foom
16%
The Uncanny X-Men #184Forge
16%
Howard the Duck #1Gwenpool (Gwendolyn Poole)
16%
The Avengers #71Hyperion (Mark Milton)
16%
Fantastic Four #45Karnak (Karnak Mander-Azur)
16%
X-Men #10Ka-Zar
16%
The Amazing Spider-Man #210Madame Web (Cassandra Webb)
16%
Fantastic Four #47Maximus
16%
Giant-Size Fantastic Four #4Multiple Man (James Madrox)
16%
Avengers Unplugged #5Photon (Monica Rambeau)
16%
The Incredible Hulk #234Quasar (Wendell Vaughn)
16%
Uncanny X-Men #120Sasquatch
16%
The Amazing Spider-Man #2Tinkerer (Phineas Mason)
16%
Fantastic Four Annual #6Annihilus
15%
Sgt. Fury and His Howling Commandos #5Baron Strucker
15%
Journey Into Mystery #118Destroyer
15%
All Winners Comics #8Destroyer (Roger Aubrey)
15%
X-Men #107Gladiator (Kallark)
15%
Daredevil #105Moondragon
15%
Uncanny X-Men #120Northstar (Jean-Paul Beaubier)
15%
Fantastic Four Annual #6Powerhouse (Franklin Richards)
15%
Alpha Flight #1Puck
15%
The Avengers #326Rage (Elvin Haliday)
15%
The Amazing Spider-Man Annual #22Speedball (Robbie Baldwin)
15%
Fantastic Four #33Attuma
14%
Tales of Suspense #75Batroc the Leaper (Georges Batroc)
14%
X-Men: God Loves, Man KillsColonel William Stryker
14%
Fantastic Four #44Gorgon (Gorgon Petragon)
14%
New Mutants #25Legion
14%
The X-Men #4Mastermind (Jason Wyngarde)
14%
Marvel Premiere #21Misty Knight
14%
The Amazing Spider-Man Vol. 3 #4Silk (Cindy Moon)
14%
What If? Planet Hulk #1Skaar
14%
Avengers #19Swordsman (Jacques Duquesne)
14%
Uncanny X-Men #120Aurora (Jeanne-Marie Beaubier)
13%
The Amazing Spider-Man #4Betty Brant
13%
Strange Tales #169Brother Voodoo (Jericho Drumm)
13%
The Uncanny X-Men #148Caliban
13%
Strange Tales #138Eternity
13%
Amazing Spider-Man #129Jackal (Miles Warren)
13%
Uncanny X-Men #166Lockheed
13%
The New Mutants #99Shatterstar (Gaveedra-Seven)
13%
Incredible Hulk #449Songbird (Melissa Gold)
13%
Giant-Size X-Men #1Thunderbird (John Proudstar)
13%
Fantastic Four #45Triton (Triton Mander-Azur)
13%
The Amazing Spider-Man #162Jigsaw (William Russo)
12%
The Amazing Spider-Man #28Molten Man (Mark Raxton)
12%
Strange Tales #110Nightmare
12%
X-Men Vol.2 #53Onslaught
12%
X-Men: Deadly Genesis #1Vulcan (Gabriel Summers)
12%
Incredible Hulk #162Wendigo
12%
Strange Tales #102Wizard (Bentley Wittman
12%
Astonishing X-Men Vol. 3 #4Armor (Hisako Ichiki)
11%
Uncanny X-Men #141Avalanche (Dominikos Ioannis Petrakis)
11%
Sunfire and Big Hero Six #1Baymax
11%
Daredevil #270Blackheart
11%
Wolverine Origins #11Daken (Akihiro)
11%
Captain America #310Diamondback (Rachel Leighton)
11%
Bloodstone #1Elsa Bloodstone
11%
New Mutants #8Magma (Amara Juliana Olivians Aquilla)
11%
Eternals #5Makkari
11%
Marvel Graphic Novel #4Mirage (Danielle Moonstar)
11%
Longshot #3Mojo
11%
The Avengers #69Nighthawk (Kyle Richmond)
11%
The Defenders #17Piledriver
11%
New X-Men Vol. 2 #5Pixie (Megan Gwynn)
11%
X-Men #60Sauron (Dr. Karl Lykos)
11%
The X-Men #14Sentinels
11%
Uncanny X-Men #120Snowbird (Narya)
11%
Strange Tales #157The Living Tribunal
11%
The Invaders #7Union Jack (James Montgomery Falsworth)
11%
The Mighty Thor #148Wrecker
11%
Tales of the Zombie #1Zombie (Simon Garth)
11%
Journey Into Mystery #85Balder
10%
Tales to Astonish #81Boomerang (Fred Myers)
10%
The Defenders #17Bulldozer
10%
Micronauts #8Captain Universe
10%
The Avengers #52Grim Reaper (Eric Williams)
10%
X-Men Vol. 2 #205Hope Summers
10%
Secret Wars II #4Kurse
10%
Iron Man #17Madame Masque (Giulietta Nefaria)
10%
Devil Dinosaur #1Moon-Boy
10%
Exiles #1Morph (Kevin Sidney)
10%
Journey Into Mystyer #93Radioactive Man (Chen Lu)
10%
Uncanny X-Men #120Shaman (Dr. Michael Twoyoungmen)
10%
Runaways #1Sister Grimm (Nico Minoru)
10%
Sub-Mariner #19Stingray (Dr. Walter Newell)
10%
Age of Ultron #10Angela
9%
Luke Cage, Power Man #24Black Goliath (Bill Foster)
9%
Marvel Premiere #19Colleen Wing
9%
Luke Cage, Power Man #18Cottonmouth (Cornell Stokes)
9%
New Mutants #13Cypher (Douglas Ramsey)
9%
X-Men #96Dr. Moira MacTaggert
9%
Marvel Team-Up #100Karma (Xi'an Coy Manh)
9%
The Avengers #35Living Laser (Arthur Parks)
9%
The Incredible Hulk: Future Imperfect #1Maestro
9%
Spider-Woman #37Siryn (Theresa Cassidy)
9%
New Mutants #29Strong Guy (Guido Carosella)
9%
The Defenders #17Thunderball
9%
Prince Namor, the Sub-Mariner #5Tiger Shark (Todd Arliss)
9%
Tales of Suspense #69Titanium Man (Boris Bullski)
9%
Incredible Hulk #449Atlas (Erik Josten)
8%
West Coast Avengers Vol. 2 #46Big Bertha (Ashley Crawford)
8%
X-Men #14Bolivar Trask
8%
Ms. Marvel #9Deathbird (Cal'syee Neramani-Summers)
8%
The Uncanny X-Men #141Destiny (Irene Adler)
8%
New X-Men #128Fantomex
8%
Thor #225Firelord (Pyreus Kril)
8%
Sunfire and Big Hero Six #1Hiro Takachiho
8%
Machine Man #19Jack O'Lantern (Jason Mascendale)
8%
Uncanny X-Men #97Lilandra Neramani
8%
Cable #15Marrow
8%
Giant-Size Defenders #3Michael Korvac
8%
Free Comic Book Day Vol 2007 Spider-ManMister Negative
8%
Thor #411Night Thrasher (Dwayne Taylor)
8%
X-Men #107Smasher (Vril-Rokk)
8%
Fantastic Four #211Terrax the Tamer
8%
Avengers Vol. 3 #8Triathlon (Delroy Garret Jr.)
8%
Daredevil #254Typhoid Mary (Mary Walker)
8%
U.S.A. Comics #1Whizzer (Robert Frank)
8%
Alpha Flight #1Box (Roger Bochs)
7%
Generation X #1Chamber (Jonothon Starsmore)
7%
Incredible Hulk #212Constrictor (Frank Payne)
7%
X-Men #104Corsair (Christopher Summers)
7%
X-Men: Alpha #1Dark Beast
7%
West Coast Avengers Vol. 2 #46Doorman (DeMarr Davis)
7%
Fantastic Four #35Dragon Man
7%
Journey Into Mystery #187Grey Gargoyle (Paul Pierre Duval)
7%
Runaways #1Gun Arm (Chase Stein)
7%
Fantastic Four #209H.E.R.B.I.E.
7%
Rom Annual #3Husk (Paige Guthrie)
7%
Deadly Hands of Kung-Fu #22Jack of Hearts (Jack Hart)
7%
Journey Into Mystery #98King Cobra (Klaus Voorhees)
7%
The Amazing Spider-Man #222Speed Demon (James Sanders)
7%
The Defenders #28Starhawk (Stakar Ogord)
7%
Lockjaw and the Pet Avengers #1Throg (Simon Walterson)
7%
X-Men #2Vanisher
7%
The Uncanny X-Men #139Vindicator
7%
Tales to Astonish #50Whirlwind (David Cannon)
7%
X-Men #99Black Tom Cassidy
6%
Champions #7Darkstar (Laynia Petrovna)
6%
West Coast Avengers Vol. 2 #46Flatman (Val Ventura)
6%
Menace #7Frankenstein's Monster
6%
Fantastic Four #11Impossible Man
6%
The X-Men #191Nimrod
6%
Captain Marvel #34Nitro
6%
Daredevil #232Nuke (Frank Simpson)
6%
New Mutants #9Selene
6%
Amazing Spider-Man #73Silvermane (Silvio Manfredi)
6%
Longshot #1Spiral (Rita Wayword)
6%
Infinity #1Supergiant
6%
New Mutants Vol. 2 #8Surge (Noriko Ashida)
6%
Fantastic Four #129Thundra
6%
Journey Into Mystery #97Ymir
6%
Runaways #1Alex Wilder
5%
Tales of Suspense #45Blizzard (Gregor Shapanka)
5%
Runaways #1Blue-J (Molly Hayes)
5%
Fantastic Four #30Diablo (Esteban Corazon de Ablo)
5%
Men's Adventures #26Gorilla Man (Kenneth Hale)
5%
Power Pack #1Lightspeed (Julie Power)
5%
The X-Men #15Master Mold
5%
X-Men Vol. 2 #5Maverick (Christoph Nord)
5%
Black Knight #1Morgan Le Fay
5%
West Coast Avengers Vol. 2 #46Mr. Immortal (Craig Hollis)
5%
Daredevil #150Paladin
5%
The Uncanny X-Men #141Prestige (Rachel Grey/Summers)
5%
Runaways #1Princess Justice (Karolina Dean)
5%
Uncanny X-Men #125Proteus (Kevin MacTaggert)
5%
Conan the Barbarian #23Red Sonja
5%
1872 #1Red Wolf
5%
X-Factor #17Rictor (Julio Esteban "Ric" Richter)
5%
X-Men Vol. 2 #109Sage
5%
Vampire Tales #2Satana
5%
Incredible Hulk #258Ursa Major (Mikhail Ursus)
5%
X-Men Vol. 2 #52Bastion (Sebastion Gilberti)
4%
Nova #19Blackout (Marcus Daniels)
4%
X-Men Vol. 2 #65Cecilia Reyes
4%
Ghost Rider Vol 2 #1Daimon Hellstrom
4%
Weird Wonder Tales #19Doctor Druid (Anthony Druid)
4%
Power Pack #1Energizer (Katherine Power)
4%
Runaways #1Gertrude Yorkes
4%
X-Force #8Grizzly (Theodore Winchester)
4%
Avengers Academy #1Hazmat (Jennifer Takeda)
4%
Marvel Super-Heores #18Major Victory (Vance Astro)
4%
Alpha Flight #1Marrina
4%
Captain Marvel Vol 5 #16Martyr (Phyla-Vell)
4%
Runaways #2Old Lace
4%
Avengers Vol 3 #8Silverclaw (Maria de Guadalupe Santiago)
4%
New Avengers Vol. 3 #10Thane
4%
Power Pack #1Zero-G (Alexander Power)
4%
The Fantastic Four #15Awesome Android
3%
Marvel Comics #5Blazing Skull (Mark Todd)
3%
Uncanny X-Men #169Calisto
3%
Power Man and Iron Fist #92Eel (Edward Lavell)
3%
Runaways #1Kid Justice (Victor Mancha)
3%
Supernatural Thrillers #5Living Mummy (N'Kantu)
3%
Power Pack #1Mass Master (Jack Power)
3%
Captain America #341Rock Python (M'gula)
3%
Super-Villain Team-Up #5Shroud (Maximillian Coleridge)
3%
Invaders #7Spitfire (Jacqueline Falsworth)
3%
Alpha Flight #5Talisman (Elizabeth Twoyoungmen)
3%
New X-Men #118The Stepford Cuckoos
3%
Tales of Suspense #77Ultimo
3%
Fantastic Four Annual #1Warlord Krang
3%
Adam: Legend of the Blue Marvel #1Anti-Man (Conner Sims)
2%
The Incredible Hulk #169Bi-Beast
2%
Avengers Vol. 5 #1Ex Nihilo
2%
Avengers Academy #1Finesse (Jeanne Foucalt)
2%
X-Men #56Living Monolith (Ahmet Abdol)
2%
A-Force #1Singularity
2%
Generation Next #2Sugar Man
2%
Nick Fury's Howling Commandos #1Warwolf (Vic Marcus)
2%
Big Hero 6 #1Wasabi-No Ginger
2%
Sub-Mariner Comics #35Byrrah
1%
X-Men #137Hussar
1%
Secret War #1Lucia Von Bardas
1%
Strange Tales #141Mentallo (Marvin Flumm)
1%
X-Men #107Neutron
1%
Untold Tales of Spider-Man #1Scorcher (Steven Hudak)
1%
Deadpool: The Gauntlet Infinite Comic #3Shiklah
1%
X-Men #107Starbolt
1%
X-Men #137Warstar
1%
Alpha Flight #87Chinook (Colin Hume)
0%

Score Distribution

Percentile by Number Answered

Percent of People with Each Score

Your Score History

You have not taken this quiz